000
00330nam a2200133Ia 4500
008
230717s2000 xx 000 0 und d
020
_a
81-87141-10-7
041
_a
eng
082
_a
345
_b
SAR
100
_a
Sarkar P. C
245
_a
Criminal Minor Acts V.02 : E-z
250
_a
5ed.
260
_a
New Delhi
_b
India Law House
_c
2000
999
_c
673522
_d
673522